[Event "XXI Paul Keres Memorial Preliminary"]
[Site "Tallinn EST"]
[Date "2012.01.06"]
[Round "1"]
[White "Volodin, Aleksandr"]
[Black "Tuul, Tarmo"]
[Result "1-0"]
[WhiteElo "2491"]
[BlackElo "2062"]
[PlyCount "115"]
[EventDate "2012.01.06"]

1. d4 d5 2. Nf3 c5 3. c4 cxd4 4. cxd5 Nf6 5. Nxd4 Nxd5 6. e4 Nf6 7. Nc3 e5 8.
Ndb5 a6 9. Qxd8+ Kxd8 10. Na3 b5 11. Nc2 b4 12. Nd5 Nxe4 13. f3 Nc5 14. Bg5+ f6
15. Nxf6 h6 16. Rd1+ Kc7 17. Nd5+ Kb7 18. Bh4 a5 19. Be2 Nc6 20. O-O b3 21.
axb3 Nxb3 22. Bf2 Nbd4 23. Bd3 Be6 24. Nc3 Bb3 25. Rd2 Rd8 26. Nxd4 exd4 27.
Be4 Bc5 28. Ne2 Kb6 29. Bxc6 Kxc6 30. Rc1 Kb6 31. Nxd4 Bxd4 32. Bxd4+ Kb7 33.
Bxg7 Rxd2 34. Bxh8 a4 35. Bc3 Re2 36. Bf6 Kb6 37. Kf1 Rd2 38. Bc3 Rd7 39. Kf2
Re7 40. Bd2 Re6 41. Be3+ Kb5 42. h4 Bc4 43. Re1 Rg6 44. Bd2 Bd3 45. Re7 Rd6 46.
Bf4 Rc6 47. Rc7 Re6 48. Be3 Kb4 49. Rb7+ Kc4 50. g4 Bb1 51. h5 Kd3 52. Rb6 Rxb6
53. Bxb6 Kc2 54. Bd4 Kb3 55. Ke3 Bc2 56. Bg7 Bd1 57. Kf2 Kc2 58. Kg3 1-0

[Event "XXI Paul Keres Memorial Preliminary"]
[Site "Tallinn EST"]
[Date "2012.01.06"]
[Round "1"]
[White "Shvyrjov, Igor"]
[Black "Teemae, Leo"]
[Result "1-0"]
[WhiteElo "2470"]
[BlackElo "2047"]
[PlyCount "51"]
[EventDate "2012.01.06"]

1. d4 Nf6 2. Nf3 d5 3. c3 e6 4. Bg5 Be7 5. Nbd2 O-O 6. e3 Nbd7 7. Bd3 b6 8. O-O
Bb7 9. Ne5 h6 10. Bh4 Nxe5 11. dxe5 Ne4 12. Bg3 Nxg3 13. hxg3 c5 14. f4 a5 15.
Qe2 f6 16. exf6 Bxf6 17. e4 c4 18. Bc2 b5 19. e5 Be7 20. Nf3 Bc5+ 21. Kh2 Qe8
22. Nh4 Rd8 23. Rad1 b4 24. Bb1 a4 25. Qc2 Qh5 26. Qh7+ 1-0

[Event "XXI Paul Keres Memorial Preliminary"]
[Site "Tallinn EST"]
[Date "2012.01.06"]
[Round "1"]
[White "Vetelainen, Tomi"]
[Black "Sepp, Olav"]
[Result "0-1"]
[WhiteElo "2055"]
[BlackElo "2488"]
[PlyCount "124"]
[EventDate "2012.01.06"]

1. d4 Nf6 2. Nf3 g6 3. Nc3 d5 4. Bf4 Bg7 5. e3 O-O 6. Be2 c5 7. Qd2 Nc6 8. Ne5
cxd4 9. exd4 Qb6 10. O-O-O Rd8 11. f3 Nh5 12. Nxc6 Qxc6 13. Bh6 Bxh6 14. Qxh6
Qf6 15. g3 a6 16. f4 Ng7 17. Bf3 Nf5 18. Qg5 Qxg5 19. fxg5 e6 20. Na4 Rd6 21.
c3 b6 22. Rde1 Bd7 23. Bd1 Rc8 24. Kb1 Rc4 25. b3 Rc7 26. g4 Ne7 27. Re3 Bxa4
28. bxa4 Rdc6 29. Kb2 Nc8 30. Be2 a5 31. Bb5 Rd6 32. h4 Rd8 33. h5 Nd6 34. hxg6
hxg6 35. Reh3 Kf8 36. Rh8+ Ke7 37. Rxd8 Kxd8 38. Rh8+ Ke7 39. Rb8 Rb7 40. Rg8
Ne4 41. Re8+ Kd6 42. Rd8+ Kc7 43. Rf8 Nxg5 44. Kc2 Kd6 45. Kd3 Ne4 46. Rd8+ Ke7
47. Re8+ Kf6 48. c4 Nd6 49. Rh8 dxc4+ 50. Bxc4 Rd7 51. Rb8 Rb7 52. Rd8 Ke7 53.
Rh8 Rc7 54. Bb3 Kd7 55. g5 Kc6 56. Rb8 Rd7 57. Ke3 Nf5+ 58. Kf2 Nxd4 59. Rc8+
Kb7 60. Rc4 Rd5 61. Rc3 Nxb3 62. axb3 Rxg5 0-1

[Event "XXI Paul Keres Memorial Preliminary"]
[Site "Tallinn EST"]
[Date "2012.01.06"]
[Round "1"]
[White "Ristoja, Samu"]
[Black "Fedoseev, Vladimir3"]
[Result "0-1"]
[WhiteElo "2062"]
[BlackElo "2525"]
[PlyCount "50"]
[EventDate "2012.01.06"]

1. Nf3 d5 2. d4 Nf6 3. g3 Bf5 4. Bg2 e6 5. O-O h6 6. c4 c6 7. Nc3 Nbd7 8. Re1
Be7 9. Nh4 Bh7 10. cxd5 cxd5 11. e4 Bxe4 12. Bxe4 dxe4 13. Nxe4 O-O 14. Bd2
Nxe4 15. Rxe4 Nf6 16. Rf4 g5 17. Rg4 Nxg4 18. Qxg4 f5 19. Qh5 Qe8 20. Qxh6 gxh4
21. d5 Rf6 22. Qxh4 Rg6 23. Qc4 Qd7 24. Bc3 Qxd5 25. Qc7 Bf6 0-1

[Event "XXI Paul Keres Memorial Preliminary"]
[Site "Tallinn EST"]
[Date "2012.01.06"]
[Round "2"]
[White "Valner, Uku"]
[Black "Volodin, Aleksandr"]
[Result "0-1"]
[WhiteElo "2197"]
[BlackElo "2491"]
[PlyCount "153"]
[EventDate "2012.01.06"]

1. e4 c5 2. Nc3 Nc6 3. g3 g6 4. Bg2 Bg7 5. d3 d6 6. f4 e6 7. Nf3 Nge7 8. O-O
O-O 9. Be3 Nd4 10. e5 Nef5 11. Bf2 Bd7 12. exd6 Bc6 13. Ne4 Nxd6 14. Nxc5 Bxf3
15. Bxf3 Rc8 16. c3 Rxc5 17. cxd4 Rb5 18. Qa4 Rxb2 19. Rab1 Rd2 20. Rfd1 Rxd1+
21. Rxd1 a6 22. d5 Nb5 23. Qb3 exd5 24. Re1 Bc3 25. Re2 Bd4 26. Kg2 Bxf2 27.
Rxf2 Nd4 28. Qxd5 Qxd5 29. Bxd5 b5 30. Bb7 a5 31. Rb2 Rb8 32. Be4 b4 33. Kf2
Kg7 34. Ke3 Rd8 35. Rb1 f5 36. Bf3 Nb5 37. Rc1 Re8+ 38. Kd2 Nd4 39. Bd1 Re7 40.
Rc5 Ra7 41. Rd5 Ne6 42. Ba4 Kf6 43. d4 h6 44. h4 Rc7 45. Bb3 Rc6 46. Rd7 Ra6
47. Bc4 Rb6 48. Ra7 g5 49. hxg5+ hxg5 50. fxg5+ Nxg5 51. Bd3 Rd6 52. Rxa5 Nf3+
53. Ke3 Nxd4 54. Bc4 Nc2+ 55. Kf3 Rd4 56. Ra6+ Kg5 57. Bf7 Rd3+ 58. Kg2 f4 59.
Ra5+ Kf6 60. Bb3 Rxg3+ 61. Kf2 Nd4 62. Bd5 Rd3 63. Ra8 Ke5 64. Bb7 Rd2+ 65. Kf1
f3 66. Rf8 Rxa2 67. Bxf3 Nxf3 68. Rxf3 Ra3 69. Rf8 Kd4 70. Ke2 Kc3 71. Rc8+ Kb2
72. Kd2 Ra6 73. Rd8 b3 74. Rd7 Kb1 75. Rb7 b2 76. Kc3 Ra3+ 77. Kd4 0-1

[Event "XXI Paul Keres Memorial Preliminary"]
[Site "Tallinn EST"]
[Date "2012.01.06"]
[Round "2"]
[White "Bashkite, Viktoria"]
[Black "Shvyrjov, Igor"]
[Result "0-1"]
[WhiteElo "2180"]
[BlackElo "2470"]
[PlyCount "76"]
[EventDate "2012.01.06"]

1. c4 g6 2. Nc3 Bg7 3. g3 d6 4. Bg2 c6 5. d4 Nf6 6. Nh3 O-O 7. O-O e5 8. dxe5
dxe5 9. Ng5 Na6 10. h3 h6 11. Nge4 Nxe4 12. Nxe4 Be6 13. Qc2 Qe7 14. Rd1 Rad8
15. Be3 f5 16. Rxd8 Rxd8 17. Nd2 e4 18. a3 Nc5 19. b4 Bxa1 20. Bxc5 Qd7 21. Be3
Kh7 22. Kh2 Bd4 23. Nf1 b6 24. c5 b5 25. a4 a6 26. axb5 axb5 27. Qc1 Bg7 28.
Qa3 Bc4 29. Bf4 Bxe2 30. Bd6 Bxf1 31. Bxf1 Bf8 32. Be5 Qd5 33. Qa7+ Rd7 34. Qb8
Bg7 35. Bd6 Qd2 36. Bg2 Qxf2 37. g4 fxg4 38. Bg3 Qe2 0-1

[Event "XXI Paul Keres Memorial Preliminary"]
[Site "Tallinn EST"]
[Date "2012.01.06"]
[Round "2"]
[White "Sepp, Olav"]
[Black "Lammi, Jyri"]
[Result "1-0"]
[WhiteElo "2488"]
[BlackElo "2154"]
[PlyCount "45"]
[EventDate "2012.01.06"]

1. Nf3 d6 2. d4 Bg4 3. e4 e6 4. Nc3 c6 5. h3 Bxf3 6. Qxf3 d5 7. exd5 cxd5 8.
Bd3 Nc6 9. Ne2 Nf6 10. c3 Be7 11. O-O Qd7 12. Re1 h6 13. Bf4 Bd6 14. Rac1 O-O-O
15. c4 Bxf4 16. Nxf4 dxc4 17. Bxc4 Kb8 18. Qg3 Ka8 19. Bb5 g5 20. Nd3 Qxd4 21.
Rxc6 a6 22. Rxa6+ bxa6 23. Bc6+ 1-0

[Event "XXI Paul Keres Memorial Preliminary"]
[Site "Tallinn EST"]
[Date "2012.01.06"]
[Round "3"]
[White "Paakkonen, Timo"]
[Black "Sepp, Olav"]
[Result "1/2-1/2"]
[WhiteElo "2282"]
[BlackElo "2488"]
[PlyCount "77"]
[EventDate "2012.01.06"]

1. e4 e5 2. Nf3 Nc6 3. d4 exd4 4. Nxd4 Nf6 5. Nc3 Bb4 6. Nxc6 bxc6 7. Bd3 O-O
8. O-O d5 9. exd5 cxd5 10. Bg5 c6 11. Qf3 Rb8 12. h3 h6 13. Bxf6 Qxf6 14. Qxf6
gxf6 15. Ne2 Bd6 16. Rab1 Re8 17. b3 c5 18. Ng3 Bxg3 19. fxg3 Kg7 20. Rbd1 Re5
21. Rf4 d4 22. Rdf1 Rb6 23. g4 a5 24. a4 Ba6 25. Bxa6 Rxa6 26. Rd1 Re3 27. Rf3
Rae6 28. Rxe3 Rxe3 29. Rd3 Re5 30. Kf2 Kf8 31. c3 dxc3 32. Rxc3 Ke7 33. Kf3 Kd6
34. Rd3+ Ke6 35. Rc3 f5 36. gxf5+ Rxf5+ 37. Ke4 Re5+ 38. Kf4 Rf5+ 39. Ke4
1/2-1/2

[Event "XXI Paul Keres Memorial Preliminary"]
[Site "Tallinn EST"]
[Date "2012.01.06"]
[Round "3"]
[White "Narva, Triin"]
[Black "Seeman, Tarvo"]
[Result "0-1"]
[WhiteElo "1983"]
[BlackElo "2399"]
[PlyCount "40"]
[EventDate "2012.01.06"]

1. e4 g6 2. d4 Bg7 3. c4 d6 4. Nc3 Nf6 5. f4 O-O 6. Nf3 Na6 7. h3 e5 8. fxe5
dxe5 9. d5 Nh5 10. Bg5 Qd6 11. Bh4 f5 12. Bd3 Nf4 13. Qd2 Nxd3+ 14. Qxd3 Nc5
15. Qe3 fxe4 16. Nxe4 Nxe4 17. Qxe4 Qb4+ 18. Nd2 Rf4 19. Qe2 Rxh4 20. g3 Rd4
0-1

[Event "XXI Paul Keres Memorial Preliminary"]
[Site "Tallinn EST"]
[Date "2012.01.06"]
[Round "3"]
[White "Shishkov, Andrei"]
[Black "Fedoseev, Vladimir3"]
[Result "1-0"]
[WhiteElo "2380"]
[BlackElo "2525"]
[PlyCount "132"]
[EventDate "2012.01.06"]

1. d4 Nf6 2. c4 g6 3. Nc3 Bg7 4. e4 d6 5. Bd3 O-O 6. Nge2 Nbd7 7. Bc2 c5 8. d5
a6 9. a4 h6 10. O-O Ne5 11. b3 g5 12. f4 gxf4 13. Bxf4 Ng6 14. Bd2 Ng4 15. h3
N4e5 16. Ng3 e6 17. Nh5 Bd7 18. Nxg7 Kxg7 19. Qh5 Rh8 20. a5 Qh4 21. Qe2 Rag8
22. Rf2 Kf8 23. Raf1 Ke8 24. Rf6 Ne7 25. Kh1 Rg6 26. R6f4 Qg5 27. Rxf7 Nxf7 28.
Bxg5 Rxg5 29. dxe6 Bxe6 30. Nd5 Nc6 31. Nc7+ Kd7 32. Nxe6 Kxe6 33. Qf2 Nce5 34.
Qd2 Ke7 35. Bd1 Rhg8 36. Rf2 Rg3 37. Qd5 Nd8 38. Bg4 Rg5 39. Rd2 Nef7 40. Bf5
Rxb3 41. Kh2 Rh5 42. Rf2 Rg5 43. Qd1 Rb4 44. Qd5 Ne5 45. Rd2 Nxc4 46. e5 Rxf5
47. exd6+ Kf6 48. Qg8 Nf7 49. d7 Nxd2 50. d8=Q+ Nxd8 51. Qxd8+ Ke6 52. Qxd2 h5
53. Qd8 Rd5 54. Qe8+ Kd6 55. Qd8+ Ke5 56. Qh8+ Ke4 57. Qc3 h4 58. Qf6 Kd3 59.
Qf3+ Kc4 60. Qe4+ Rd4 61. Qe6+ Kc3 62. Qe3+ Kc2 63. Qf2+ Kb3 64. Qf5 Rdc4 65.
Qd7 Kb2 66. Qd3 Rc2 1-0

[Event "XXI Paul Keres Memorial Preliminary"]
[Site "Tallinn EST"]
[Date "2012.01.06"]
[Round "3"]
[White "Shvyrjov, Igor"]
[Black "Schuls, Olev"]
[Result "1/2-1/2"]
[WhiteElo "2470"]
[BlackElo "2224"]
[PlyCount "154"]
[EventDate "2012.01.06"]

1. d4 Nf6 2. Nf3 e6 3. Bg5 Be7 4. Nbd2 d6 5. e4 Nbd7 6. c3 a6 7. a4 b6 8. Bd3
Bb7 9. O-O Nf8 10. Re1 Ng6 11. Qc2 O-O 12. g3 Nd7 13. h4 Re8 14. Be3 c5 15. h5
Ngf8 16. Bf1 Rc8 17. Bg2 cxd4 18. Bxd4 Nf6 19. h6 g6 20. Rad1 e5 21. Be3 Ng4
22. Qb3 Nxe3 23. Rxe3 Qc7 24. Bh3 Rb8 25. Bf1 Bc8 26. Bc4 Be6 27. Bxe6 Nxe6 28.
Qc4 Qb7 29. Rd3 b5 30. axb5 axb5 31. Qd5 Nc5 32. Qxb7 Rxb7 33. Rd5 Bf8 34. b4
Na4 35. Nb1 f6 36. Kg2 Rc8 37. g4 Nxc3 38. Nxc3 Rxc3 39. Ra1 Rc8 40. Ra5 Rcb8
41. Ne1 Bxh6 42. Rxd6 Bf8 43. Rxf6 Bxb4 44. Ra1 Rf8 45. Re6 Bc3 46. Rb1 b4 47.
Nd3 Rb5 48. Rc6 Bd4 49. Rb3 Kg7 50. g5 Rf7 51. Rc4 Rfb7 52. Kg3 Bc3 53. Kg4
R5b6 54. Nc5 Rf7 55. Rcxc3 bxc3 56. Rxb6 Rxf2 57. Rb7+ Kg8 58. Ne6 c2 59. Rg7+
Kh8 60. Rc7 Kg8 61. Kg3 Rd2 62. Kf3 Rd6 63. Nf4 exf4 64. Rxc2 Rd7 65. Kxf4 Kg7
66. Rc6 h6 67. Kg4 Re7 68. Rc4 hxg5 69. Kxg5 Re5+ 70. Kf4 Kf6 71. Ra4 Rb5 72.
Ra6+ Kf7 73. Rc6 Ra5 74. e5 Ra4+ 75. Kg5 Re4 76. Rc5 Ke6 77. Kxg6 Rxe5 1/2-1/2

[Event "XXI Paul Keres Memorial Preliminary"]
[Site "Tallinn EST"]
[Date "2012.01.06"]
[Round "4"]
[White "Schuls, Olev"]
[Black "Agopov, Mikael"]
[Result "0-1"]
[WhiteElo "2224"]
[BlackElo "2448"]
[PlyCount "100"]
[EventDate "2012.01.06"]

1. e4 c5 2. Nf3 Nc6 3. d4 cxd4 4. Nxd4 Nf6 5. Nc3 e5 6. Ndb5 d6 7. Bg5 a6 8.
Na3 b5 9. Nd5 Be7 10. Bxf6 Bxf6 11. c3 Bg5 12. Nc2 Rb8 13. a3 O-O 14. Bd3 Be6
15. Ncb4 Qc8 16. h4 Bd8 17. Ne3 a5 18. Nbd5 b4 19. axb4 axb4 20. Qf3 bxc3 21.
bxc3 Ne7 22. Nxe7+ Bxe7 23. c4 Rb3 24. Qd1 Qb8 25. g3 Qb4+ 26. Kf1 Bd8 27. Rb1
Rxb1 28. Qxb1 Qc3 29. Kg2 Bb6 30. Qxb6 Qxd3 31. Qb1 Bxc4 32. Qxd3 Bxd3 33. f3
Ra8 34. Rd1 Ra3 35. Ng4 Be2 36. Rxd6 Bxf3+ 37. Kh3 f6 38. h5 h6 39. Nxh6+ gxh6
40. Rxf6 Bxh5 41. Rxh6 Bf3 42. Re6 Ra5 43. Kh4 Kf7 44. Rb6 Bxe4 45. Kg5 Ra3 46.
g4 Rf3 47. Ra6 Ke7 48. Ra4 Bd5 49. Kh6 e4 50. g5 e3 0-1

[Event "XXI Paul Keres Memorial Preliminary"]
[Site "Tallinn EST"]
[Date "2012.01.06"]
[Round "4"]
[White "Seeman, Tarvo"]
[Black "Volodin, Aleksandr"]
[Result "1/2-1/2"]
[WhiteElo "2399"]
[BlackElo "2491"]
[PlyCount "112"]
[EventDate "2012.01.06"]

1. Nf3 c5 2. g3 Nc6 3. Bg2 e5 4. c4 d6 5. Nc3 Nge7 6. d3 g6 7. Bg5 Bg7 8. Bxe7
Nxe7 9. O-O O-O 10. Rb1 a5 11. a3 d5 12. cxd5 Nxd5 13. Nxd5 Qxd5 14. Nd2 Qe6
15. Qc2 Qe7 16. Ne4 Bg4 17. h3 Bf5 18. Qxc5 Qd7 19. Qd6 Bxh3 20. Qxd7 Bxd7 21.
Nc5 Bg4 22. Bxb7 Ra7 23. Bf3 Bxf3 24. exf3 Rb8 25. Rfc1 Bf8 26. Na4 Rd7 27. Rc3
Rb5 28. Rd1 h5 29. Kf1 Kg7 30. Ke2 Be7 31. Rdc1 g5 32. Rc7 Rxc7 33. Rxc7 Bf8
34. Kf1 h4 35. Kg2 Rd5 36. Rc3 Rb5 37. Kh3 Be7 38. Rc7 Kf8 39. Rc6 Rd5 40. Rc3
f5 41. Nb6 Rd4 42. gxh4 gxh4 43. Nc4 Bf6 44. Ne3 Bd8 45. Rc5 Rxd3 46. Rxe5 Rd2
47. Rxf5+ Ke8 48. Re5+ Kf7 49. b4 Rxf2 50. Rf5+ Ke6 51. Rf4 axb4 52. axb4 Bg5
53. Ng4 Rb2 54. Re4+ Kf5 55. Ne3+ Bxe3 56. Rxe3 Rxb4 1/2-1/2

[Event "XXI Paul Keres Memorial Preliminary"]
[Site "Tallinn EST"]
[Date "2012.01.06"]
[Round "4"]
[White "Gabovits, Ilia"]
[Black "Paakkonen, Timo"]
[Result "1/2-1/2"]
[WhiteElo "1882"]
[BlackElo "2282"]
[PlyCount "60"]
[EventDate "2012.01.06"]

1. e4 Nc6 2. Nf3 f5 3. exf5 d5 4. d4 Bxf5 5. Bd3 Bg4 6. c3 Nf6 7. Bf4 e6 8.
Nbd2 Bd6 9. Bg3 O-O 10. O-O e5 11. dxe5 Nxe5 12. Be2 Nxf3+ 13. Bxf3 Bxf3 14.
Nxf3 Bxg3 15. hxg3 c6 16. Nd4 Qb6 17. Qb3 Rae8 18. Qxb6 axb6 19. f3 c5 20. Nb5
Re2 21. Rf2 Rxf2 22. Kxf2 Ne4+ 23. Kg1 Nxg3 24. Re1 Nf5 25. Re5 d4 26. cxd4
cxd4 27. Rd5 Ne3 28. Rxd4 Rc8 29. Nc3 Nc4 30. Nd1 Rc7 1/2-1/2

[Event "XXI Paul Keres Memorial Preliminary"]
[Site "Tallinn EST"]
[Date "2012.01.07"]
[Round "5"]
[White "Holvason, Juri"]
[Black "Seeman, Tarvo"]
[Result "0-1"]
[WhiteElo "2122"]
[BlackElo "2399"]
[PlyCount "118"]
[EventDate "2012.01.06"]

1. e4 g6 2. d4 Bg7 3. Nc3 c6 4. g3 d5 5. e5 f6 6. f4 Nh6 7. Bg2 O-O 8. Nf3 Bg4
9. O-O e6 10. h3 Bxf3 11. Rxf3 Nf5 12. Ne2 c5 13. exf6 Bxf6 14. dxc5 Qa5 15.
Kh2 Qxc5 16. c3 Nc6 17. Bd2 Rad8 18. Be1 Qb5 19. a4 Qxb2 20. Rb1 Qa2 21. Rxb7
Rf7 22. Rxf7 Kxf7 23. Rd3 Nce7 24. Bf2 a6 25. Rd2 Qc4 26. g4 Nd6 27. Bd4 Ne4
28. Bxe4 dxe4 29. Bxf6 Rxd2 30. Qxd2 Kxf6 31. Qd4+ Qxd4 32. cxd4 Nd5 33. Ng3
Nc3 34. a5 Ke7 35. Kg2 Kd6 36. Kf2 Kd5 37. Ke3 Nd1+ 38. Kd2 Nb2 39. Kc3 Nd1+
40. Kd2 Nb2 41. Kc3 Nd3 42. f5 exf5 43. gxf5 gxf5 44. Nxf5 Nf4 45. Ne3+ Kc6 46.
Kc4 Nxh3 47. d5+ Kd6 48. Kd4 Ng5 49. Nf5+ Kc7 50. Ke5 Kd7 51. Kf4 Nf7 52. Ng3
Nd6 53. Nh5 Ke7 54. Ke5 e3 55. Ng3 h5 56. Kd4 h4 57. Ne2 Nf5+ 58. Ke5 h3 59.
Kxf5 h2 0-1

[Event "XXI Paul Keres Memorial Preliminary"]
[Site "Tallinn EST"]
[Date "2012.01.07"]
[Round "5"]
[White "Volodin, Aleksandr"]
[Black "Teemae, Leo"]
[Result "1-0"]
[WhiteElo "2491"]
[BlackElo "2047"]
[PlyCount "77"]
[EventDate "2012.01.06"]

1. d4 Nf6 2. c4 e6 3. Nf3 Bb4+ 4. Nbd2 b6 5. g3 Bb7 6. Bg2 O-O 7. O-O c5 8. Nb3
cxd4 9. Nbxd4 a6 10. a3 Be7 11. b4 Be4 12. Bb2 Nc6 13. Rc1 d6 14. Qb3 Rc8 15.
Rfd1 Qc7 16. Qe3 Qb7 17. Nb3 d5 18. c5 Nd7 19. cxb6 Qxb6 20. Qd2 Bf6 21. Nc5
Bxb2 22. Nxd7 Qc7 23. Nxf8 Bxc1 24. Rxc1 Kxf8 25. Nd4 Qb6 26. Bxe4 dxe4 27.
Nxc6 Rxc6 28. Rxc6 Qxc6 29. Qd8+ Qe8 30. Qd6+ Qe7 31. Qxa6 Qf6 32. Qa8+ Ke7 33.
Qxe4 Qa1+ 34. Kg2 Qxa3 35. b5 Qb2 36. Qd3 h6 37. e3 g5 38. Qc4 g4 39. Qc6 1-0

[Event "XXI Paul Keres Memorial Preliminary"]
[Site "Tallinn EST"]
[Date "2012.01.07"]
[Round "5"]
[White "Kukk, Sander"]
[Black "Fedoseev, Vladimir3"]
[Result "0-1"]
[WhiteElo "2139"]
[BlackElo "2525"]
[PlyCount "82"]
[EventDate "2012.01.06"]

1. e4 c5 2. Nc3 a6 3. a4 Nc6 4. g3 Rb8 5. f4 e6 6. Bg2 b5 7. axb5 axb5 8. Nf3
b4 9. Ne2 d5 10. e5 h5 11. d4 Nh6 12. Be3 Ng4 13. Bg1 Qb6 14. h3 Nh6 15. Bf2
Nf5 16. Qd2 h4 17. g4 Ng3 18. Nxg3 hxg3 19. Bxg3 cxd4 20. Bf2 b3 21. O-O Ba6
22. Rfd1 Bb4 23. c3 dxc3 24. Bxb6 cxd2 25. Rxa6 Rxb6 26. Rxb6 Bc5+ 27. Kf1 Bxb6
28. Rxd2 Be3 29. Rd3 Bxf4 30. Rxb3 O-O 31. Rb6 Nxe5 32. Nxe5 Bxe5 33. b4 Rc8
34. b5 Rc1+ 35. Ke2 Rc2+ 36. Kf3 g5 37. Rc6 Rb2 38. Bf1 Bd4 39. Be2 e5 40. Rc8+
Kg7 41. Bd1 e4+ 0-1

[Event "XXI Paul Keres Memorial Preliminary"]
[Site "Tallinn EST"]
[Date "2012.01.07"]
[Round "5"]
[White "Agopov, Mikael"]
[Black "Paronen, Petteri"]
[Result "1-0"]
[WhiteElo "2448"]
[BlackElo "2120"]
[PlyCount "51"]
[EventDate "2012.01.06"]

1. e4 Nc6 2. d4 d5 3. Nc3 e6 4. Nf3 dxe4 5. Nxe4 Be7 6. Bd3 Nf6 7. c3 b6 8. Qa4
Bd7 9. Qc2 h6 10. Bf4 Qc8 11. O-O-O Qb7 12. Qe2 Nd5 13. Bg3 a6 14. Ned2 b5 15.
Nb3 a5 16. Nc5 Bxc5 17. dxc5 a4 18. a3 Na5 19. Ne5 Nb3+ 20. Kb1 c6 21. Nxd7
Qxd7 22. Bd6 O-O-O 23. c4 bxc4 24. Bxc4 Kb7 25. Bxb3 axb3 26. Rd3 1-0

[Event "XXI Paul Keres Memorial Preliminary"]
[Site "Tallinn EST"]
[Date "2012.01.07"]
[Round "6"]
[White "Hartikainen, Markku"]
[Black "Volodin, Aleksandr"]
[Result "0-1"]
[WhiteElo "2334"]
[BlackElo "2491"]
[PlyCount "56"]
[EventDate "2012.01.06"]

1. e4 c5 2. c3 d6 3. d4 Nd7 4. Nf3 e6 5. Bd3 Be7 6. O-O e5 7. d5 Ngf6 8. a4 O-O
9. Na3 Rb8 10. Nc4 b6 11. Qe2 g6 12. Bh6 Re8 13. Rfe1 Nh5 14. Qd2 Ndf6 15. h3
Ng7 16. Na3 Nfh5 17. b4 f5 18. Rab1 Bd7 19. Bb5 fxe4 20. Ng5 e3 21. Qxe3 Nf5
22. Qd2 Nxh6 23. Ne6 Bxe6 24. Bxe8 Bg5 25. Qa2 Bf5 26. Rb2 Qxe8 27. g4 Nf4 28.
gxf5 Nd3 0-1

[Event "XXI Paul Keres Memorial Preliminary"]
[Site "Tallinn EST"]
[Date "2012.01.07"]
[Round "6"]
[White "Gabovits, Ilia"]
[Black "Westerinen, Heikki M.J"]
[Result "1/2-1/2"]
[WhiteElo "1882"]
[BlackElo "2318"]
[PlyCount "66"]
[EventDate "2012.01.06"]

1. e4 e6 2. d4 d5 3. Nc3 dxe4 4. Nxe4 Nd7 5. Nf3 Ngf6 6. Nxf6+ Nxf6 7. Bg5 Be7
8. Bd3 O-O 9. Qe2 Qd5 10. O-O h6 11. c4 Qa5 12. Bd2 Bb4 13. Bxb4 Qxb4 14. a3
Qd6 15. Rad1 b6 16. Bb1 Bb7 17. Ne5 Rad8 18. Qc2 Be4 19. Qc1 Bxb1 20. Qxb1 c5
21. Nf3 Qc6 22. b3 Qe4 23. Qxe4 Nxe4 24. Rfe1 Nf6 25. dxc5 bxc5 26. Kf1 Rxd1
27. Rxd1 Rb8 28. Rd3 Kf8 29. Ne5 Rb6 30. f3 Ke8 31. Ke2 a6 32. Kd2 Rb7 33. Kc3
Nd7 1/2-1/2

[Event "XXI Paul Keres Memorial Preliminary"]
[Site "Tallinn EST"]
[Date "2012.01.07"]
[Round "6"]
[White "Shvyrjov, Igor"]
[Black "Paakkonen, Timo"]
[Result "1-0"]
[WhiteElo "2470"]
[BlackElo "2282"]
[PlyCount "145"]
[EventDate "2012.01.06"]

1. d4 Nc6 2. Nf3 d5 3. g3 Bg4 4. Bg2 Bxf3 5. Bxf3 e6 6. O-O Nf6 7. c4 Qd7 8.
Nc3 Be7 9. cxd5 exd5 10. Bg5 h6 11. Bxf6 Bxf6 12. Nxd5 Bxd4 13. Nxc7+ Qxc7 14.
Bxc6+ Qxc6 15. Qxd4 O-O 16. Rfd1 Rfe8 17. Rd2 Re4 18. Qd3 Rae8 19. e3 Rc4 20.
Rad1 Rc8 21. Qf5 Rc1 22. h4 g6 23. Qf4 Qc2 24. Qd4 Rxd1+ 25. Rxd1 Qc5 26. Qf6
b5 27. Rd7 Rf8 28. Kg2 a5 29. a3 b4 30. a4 Qc4 31. Qd4 Qc6+ 32. Qd5 Qxa4 33. h5
Qc2 34. hxg6 Qxg6 35. Rd6 Qg5 36. Qc6 Rd8 37. Rxh6 Qd5+ 38. Qxd5 Rxd5 39. Ra6
Kf8 40. g4 Ke7 41. b3 Kd7 42. Kf3 Kc7 43. Ra7+ Kb6 44. Rxf7 a4 45. bxa4 b3 46.
Rh7 b2 47. Rh1 Ka5 48. Rb1 Rd2 49. g5 Kxa4 50. Kg3 Kb3 51. f4 Kc2 52. Rxb2+
Kxb2 53. g6 Rd1 54. f5 Rg1+ 55. Kf4 Kc3 56. Ke5 Kd3 57. e4 Rg4 58. f6 Rxg6 59.
f7 Rg4 60. f8=Q Rxe4+ 61. Kd5 Rd4+ 62. Kc5 Rc4+ 63. Kb5 Re4 64. Qf3+ Kd4 65.
Qb3 Re5+ 66. Kc6 Rc5+ 67. Kd6 Rc3 68. Qd5+ Ke3 69. Ke5 Rd3 70. Qe4+ Kd2 71.
Qb4+ Ke3 72. Qe1+ Kf3 73. Qe4+ 1-0

[Event "XXI Paul Keres Memorial Preliminary"]
[Site "Tallinn EST"]
[Date "2012.01.07"]
[Round "6"]
[White "Fedoseev, Vladimir3"]
[Black "Agopov, Mikael"]
[Result "1-0"]
[WhiteElo "2525"]
[BlackElo "2448"]
[PlyCount "103"]
[EventDate "2012.01.06"]

1. d4 Nf6 2. c4 e6 3. Nc3 Bb4 4. e3 O-O 5. Bd3 d5 6. Nf3 c5 7. O-O Nc6 8. a3
Bxc3 9. bxc3 Qc7 10. h3 dxc4 11. Bxc4 e5 12. Ba2 Bf5 13. Bb2 Rad8 14. Qe2 Rfe8
15. Rad1 Be4 16. dxc5 Na5 17. c4 Bxf3 18. Qxf3 Qxc5 19. Qe2 b6 20. Kh2 Qc7 21.
Bc3 Ne4 22. Bxa5 bxa5 23. Qc2 Nc5 24. Rd5 Nd3 25. Qa4 Nc5 26. Qb5 Rc8 27. Kg1
a6 28. Qb2 Rb8 29. Qc3 h6 30. Rfd1 g6 31. Bb1 Kg7 32. Bc2 Re6 33. f4 Rbe8 34.
f5 Rf6 35. fxg6 fxg6 36. Qd2 Ref8 37. Rd6 a4 38. Qd5 Rxd6 39. Qxd6 Qxd6 40.
Rxd6 Rf6 41. Rd5 Rc6 42. Rxe5 Kf6 43. Re8 Nb7 44. Be4 Rc7 45. Rg8 Nd6 46. Rxg6+
Ke5 47. Bd5 Nxc4 48. Bxc4 Rxc4 49. Rxa6 h5 50. Ra5+ Ke4 51. Rxh5 Kxe3 52. Rf5
1-0

[Event "XXI Paul Keres Memorial Preliminary"]
[Site "Tallinn EST"]
[Date "2012.01.07"]
[Round "6"]
[White "Ristoja, Jan"]
[Black "Valner, Uku"]
[Result "0-1"]
[WhiteElo "2285"]
[BlackElo "2197"]
[PlyCount "36"]
[EventDate "2012.01.06"]

1. c4 e6 2. g3 Nf6 3. Bg2 Be7 4. e4 d6 5. d4 c5 6. Ne2 cxd4 7. Nxd4 O-O 8. Nc3
a6 9. O-O Qc7 10. b3 Nc6 11. Bb2 Nxd4 12. Qxd4 Bd7 13. Rac1 Rac8 14. Rfd1 Rfd8
15. h3 Qa5 16. Qd2 Qc5 17. Qe1 Qa7 18. Ba3 Ne8 0-1

[Event "XXI Paul Keres Memorial Preliminary"]
[Site "Tallinn EST"]
[Date "2012.01.07"]
[Round "7"]
[White "Daulyte, Deimante"]
[Black "Ryzhkov, Vjacheslav"]
[Result "1/2-1/2"]
[WhiteElo "2223"]
[BlackElo "2140"]
[PlyCount "92"]
[EventDate "2012.01.06"]

1. e4 e6 2. d4 d5 3. e5 c5 4. c3 Qb6 5. Nf3 Nc6 6. a3 c4 7. Be2 f6 8. exf6 Nxf6
9. O-O Bd6 10. Nbd2 O-O 11. b3 cxb3 12. Nxb3 Ne4 13. Qc2 e5 14. dxe5 Nxe5 15.
Nbd4 Bd7 16. Ng5 Nxg5 17. Bxg5 Rac8 18. Qa2 Nc4 19. Bf3 Qa5 20. a4 Kh8 21. Rfc1
h6 22. Bh4 Ne5 23. Bxd5 Rxc3 24. Rxc3 Qxc3 25. Ne6 Rc8 26. f3 Bc5+ 27. Nxc5
Qxc5+ 28. Bf2 Qc3 29. Rd1 Nd3 30. Bxb7 Rb8 31. Qd5 Nxf2 32. Kxf2 Bxa4 33. Rd4
Rxb7 34. Rxa4 Rb2+ 35. Kg3 Qc7+ 36. Kh3 Qc8+ 37. Rg4 Rb4 38. Qe5 Rxg4 39. fxg4
Qd8 40. Qc5 a5 41. Qb5 Qa8 42. g5 hxg5 43. Qxg5 a4 44. Qh4+ Kg8 45. Qc4+ Kf8
46. Qf4+ Ke8 1/2-1/2

[Event "XXI Paul Keres Memorial Preliminary"]
[Site "Tallinn EST"]
[Date "2012.01.07"]
[Round "7"]
[White "Valner, Uku"]
[Black "Kovaljov, Denis"]
[Result "0-1"]
[WhiteElo "2197"]
[BlackElo "2274"]
[PlyCount "58"]
[EventDate "2012.01.06"]

1. e4 g6 2. d4 Bg7 3. f4 c5 4. d5 d6 5. c4 e6 6. Nf3 exd5 7. exd5 Ne7 8. Bd3
Bf5 9. O-O O-O 10. Nc3 Nd7 11. h3 h5 12. Ng5 Bxd3 13. Qxd3 h4 14. f5 Ne5 15.
Qe4 Nxf5 16. Rxf5 gxf5 17. Qxh4 Re8 18. Qh7+ Kf8 19. Qxf5 Qd7 20. Nh7+ Kg8 21.
Nf6+ Bxf6 22. Qxf6 Qe7 23. Ne4 Ng4 24. hxg4 Qxe4 25. Bf4 Rad8 26. Bxd6 Qe3+ 27.
Kh2 Rxd6 28. Qxd6 Kg7 29. g3 Qf2+ 0-1